Statistiques concernant Pays d'Afrique par les frontières en 30 secondes

Cliquez ici pour prendre le quiz!

Statistiques générales

  • Ce quiz a été pris 560 fois
  • Le résultat moyen est 43 sur 54

Réponses sur la Carte

Les réponses sont colorées sur une échelle allant du rouge au vert en fonction du pourcentage des utilisateurs qui les ont devinées à leur premier essai. Vous pouvez retrouver ces pourcentages ci-dessous.
 

Statistiques - réponses

pays% Correct
Libye
99%
Algérie
98%
Mali
98%
Niger
98%
République
Centrafricaine
98%
Soudan
97%
Soudan du Sud
97%
Zambie
97%
Mauritanie
96%
Cameroun
95%
Congo
95%
Rép dém Congo
95%
Angola
94%
Éthiopie
94%
Tanzanie
94%
Tchad
94%
Burkina Faso
93%
Guinée
93%
Afrique du Sud
91%
Gabon
91%
Namibie
91%
Ouganda
91%
Botswana
90%
Burundi
90%
Maroc
90%
Rwanda
90%
Côte d'Ivoire
89%
Sénégal
89%
Zimbabwe
89%
Kenya
88%
Somalie
88%
Mozambique
87%
Nigeria
87%
Égypte
86%
Bénin
83%
Djibouti
83%
Érythrée
82%
Tunisie
81%
Ghana
80%
Swaziland
80%
Lesotho
79%
Togo
79%
Liberia
70%
Guinée-Bissau
68%
Sierra Leone
62%
Madagascar
57%
Malawi
57%
Gambie
48%
Guinée équatoriale
38%
Cabo Verde
30%
Comores
26%
São Tomé-
et-Príncipe
26%
Seychelles
24%
Île Maurice
22%

Distribution des résultats

Percentile par nombre de réponses

% des personnes avec chaque résultat

Votre développement - résultats

Vous n’avez pas pris ce quiz